[Event "GER-ch U25-A"]
[Site "Willingen"]
[Date "2023.05.31"]
[Round "5"]
[White "Savchenko, Daniel"]
[Black "Weidenhoefer, Max"]
[Result "1-0"]
[WhiteElo "2104"]
[BlackElo "2000"]
[PlyCount "79"]
[EventDate "2023.05.27"]
[EventType "swiss"]
[EventRounds "9"]
[EventCountry "GER"]
[SourceTitle "CBM 214 Extra"]
[Source "ChessBase"]
[SourceDate "2023.07.31"]
[SourceVersion "1"]
[SourceVersionDate "2023.07.31"]
[SourceQuality "1"]

1. e4 c6 2. Nc3 d5 3. Qf3 dxe4 4. Nxe4 Nf6 5. Bc4 e6 6. Ne2 Nxe4 7. Qxe4 Nd7 8. d4 Nf6 9. Qf3 Be7 10. Bd2 Bd7 11. 0-0-0 0-0 12. h4 a5 13. Bd3 b5 14. g4 Nd5 15. Qe4 f5 16. gxf5 exf5 17. Qg2 Nb4 18. Bh6 Bf6 19. a3 Nxd3+ 20. Rxd3 Kh8 21. Bg5 Be6 22. Nf4 Bc4 23. Rd2 Qd6 24. Nh5 Bd5 25. f3 Bxg5 26. hxg5 Bf7 27. Nf6 gxf6 28. g6 Bxg6 29. Qxg6 Qd7 30. d5 c5 31. Re2 Rf7 32. Re6 Rg8 33. Qxf5 b4 34. Qe4 Rd8 35. d6 Qb7 36. Re8+ Rxe8 37. Qxe8+ Kg7 38. Rg1+ Kh6 39. Qe3+ Kh5 40. Qf4 1-0

[Event "GER-ch U16"]
[Site "Willingen"]
[Date "2022.06.09"]
[Round "7"]
[White "Gluma, Christian"]
[Black "Weidenhoefer, Max"]
[Result "1-0"]
[WhiteElo "2014"]
[BlackElo "1945"]
[PlyCount "73"]
[EventDate "2022.06.04"]
[EventType "swiss"]
[EventRounds "9"]
[EventCountry "GER"]
[SourceTitle "CBM 208 Extra"]
[Source "ChessBase"]
[SourceDate "2022.07.31"]
[SourceVersion "1"]
[SourceVersionDate "2022.07.31"]
[SourceQuality "1"]

1. e4 d5 2. exd5 Qxd5 3. Nc3 Qd6 4. d4 Nf6 5. Nf3 c6 6. Ne5 Nbd7 7. Nc4 Qc7 8. Qf3 Nb6 9. Bf4 Qd7 10. 0-0-0 Qg4 11. Qxg4 Bxg4 12. f3 Bf5 13. Nxb6 axb6 14. d5 g6 15. Bc4 h5 16. Kb1 Nd7 17. Rhe1 b5 18. Bf1 Bg7 19. Ne2 e5 20. Nd4 Rc8 21. Nxf5 gxf5 22. Bd3 0-0 23. Bg5 Nb6 24. Bxf5 Rb8 25. d6 f6 26. Be3 Nc4 27. Be6+ Kh8 28. Bxc4 bxc4 29. d7 Rfd8 30. Bb6 Kg8 31. Bxd8 Rxd8 32. Re4 b5 33. Rh4 Kf7 34. Rxh5 Ke6 35. Rh7 Bf8 36. Rh8 Ke7 37. h4 1-0

[Event "Bremen Silvester op"]
[Site "Bremen"]
[Date "2021.12.30"]
[Round "7"]
[White "Lu, Yunong Elias"]
[Black "Weidenhoefer, Max"]
[Result "1/2-1/2"]
[WhiteElo "1600"]
[BlackElo "1860"]
[PlyCount "102"]
[EventDate "2021.12.21"]
[EventType "swiss"]
[EventRounds "7"]
[EventCountry "GER"]
[SourceTitle "CBM 205 Extra"]
[Source "ChessBase"]
[SourceDate "2022.01.31"]
[SourceVersion "1"]
[SourceVersionDate "2022.01.31"]
[SourceQuality "1"]

1. e4 c6 2. Nc3 d5 3. Nf3 Bg4 4. h3 Bxf3 5. Qxf3 e6 6. g3 Nf6 7. Bg2 Be7 8. 0-0 0-0 9. d3 Qb6 10. Qe2 Rd8 11. Kh1 dxe4 12. dxe4 Qa6 13. Be3 Qxe2 14. Nxe2 Nbd7 15. Rad1 Bc5 16. Bxc5 Nxc5 17. e5 Nfd7 18. f4 Nb6 19. b3 a5 20. a4 Na6 21. Nc3 Nb4 22. Rxd8+ Rxd8 23. Rf2 Kf8 24. Ne4 Rd1+ 25. Kh2 Nc8 26. c3 Nd3 27. Rd2 Rxd2 28. Nxd2 Nc5 29. Kg1 Ke7 30. Kf2 Kd7 31. Ke3 Ne7 32. Kd4 b6 33. g4 Ng6 34. f5 exf5 35. gxf5 Nf4 36. Bf1 g6 37. fxg6 fxg6 38. b4 axb4 39. cxb4 Nxa4 40. b5 c5+ 41. Ke4 Ne6 42. Nc4 Nc3+ 43. Kf3 Kc7 44. Nd6 Nd5 45. Ke4 Ne7 46. Ne8+ Kd8 47. Nf6 h6 48. Ng4 h5 49. Nf6 Kc7 50. Ne8+ Kb8 51. Nd6 Kc7 1/2-1/2

[Event "GER-ch Net blitz qual4"]
[Site "Playchess.com INT"]
[Date "2021.05.10"]
[Round "3"]
[White "Weidenhoefer, Max"]
[Black "Becker, Marco"]
[Result "0-1"]
[WhiteElo "1771"]
[BlackElo "1982"]
[PlyCount "33"]
[EventDate "2021.05.10"]
[EventType "swiss (blitz)"]
[EventRounds "11"]
[EventCountry "GER"]
[SourceTitle "CBM 202 Extra"]
[Source "ChessBase"]
[SourceDate "2021.07.31"]
[SourceVersion "1"]
[SourceVersionDate "2021.07.31"]
[SourceQuality "1"]

1. e4 c6 2. d4 d5 3. e5 Bf5 4. h4 h5 5. Bd3 Bxd3 6. Qxd3 e6 7. g3 Ne7 8. Ne2 Nf5 9. Nf4 Qb6 10. c3 c5 11. Nxd5 Qc6 12. c4 Nxd4 13. Nbc3 exd5 14. cxd5 Qa6 15. Qd1 Nd7 16. Bg5 Nxe5 17. Qc1 0-1

[Event "GER-ch Net blitz qual4"]
[Site "Playchess.com INT"]
[Date "2021.05.10"]
[Round "5"]
[White "Weidenhoefer, Max"]
[Black "Happe, Reinhold"]
[Result "1-0"]
[WhiteElo "1771"]
[BlackElo "1941"]
[PlyCount "151"]
[EventDate "2021.05.10"]
[EventType "swiss (blitz)"]
[EventRounds "11"]
[EventCountry "GER"]
[SourceTitle "CBM 202 Extra"]
[Source "ChessBase"]
[SourceDate "2021.07.31"]
[SourceVersion "1"]
[SourceVersionDate "2021.07.31"]
[SourceQuality "1"]

1. e4 e5 2. Nf3 d5 3. exd5 Bd6 4. Nc3 Nf6 5. d3 h6 6. Be2 0-0 7. 0-0 Bf5 8. Nd2 Re8 9. Nde4 Nbd7 10. Bf3 Bf8 11. Re1 Nb6 12. Nxf6+ Qxf6 13. Ne4 Qd8 14. c4 c5 15. Be3 Rc8 16. Bg4 Bxg4 17. Qxg4 Kh7 18. Qh5 g6 19. Qf3 f5 20. Nc3 Nd7 21. Rad1 a6 22. a4 Bd6 23. Bc1 Qh4 24. Re3 e4 25. Qh3 Qxh3 26. Rxh3 h5 27. dxe4 fxe4 28. Re1 Nf6 29. Rhe3 Bf4 30. R3e2 Bxc1 31. Rxc1 Ng4 32. Rce1 e3 33. fxe3 Ne5 34. b3 Nd3 35. Rd1 Ne5 36. Ne4 Kg7 37. Nd6 Red8 38. Nxc8 Rxc8 39. e4 a5 40. d6 Rd8 41. Rd5 Kf6 42. Rf2+ Ke6 43. Rf4 b6 44. Rf2 Ng4 45. Re2 Ne5 46. h3 h4 47. Kf2 Rf8+ 48. Ke3 Nd7 49. e5 g5 50. Ke4 Rf4+ 51. Kd3 Rf5 52. Re4 Rf2 53. Re2 Rf5 54. Ke3 Nf8 55. Rf2 Rxf2 56. Kxf2 Kd7 57. Kf3 Ne6 58. Kg4 Ke8 59. Kf5 Kd7 60. Kf6 Nd4 61. e6+ Nxe6 62. Re5 Nd4 63. Kxg5 Kxd6 64. Rd5+ Kc6 65. Kxh4 Nxb3 66. g4 Nd4 67. g5 Ne6 68. g6 Nf4 69. Rg5 Ne6 70. Rf5 Nd4 71. Rf6+ Kd7 72. g7 Ke7 73. Rf4 Ne6 74. Re4 Kf6 75. Rxe6+ Kxg7 76. Rxb6 1-0

[Event "GER-ch Net blitz qual4"]
[Site "Playchess.com INT"]
[Date "2021.05.10"]
[Round "1"]
[White "Weidenhoefer, Max"]
[Black "Yankelevich, Lev"]
[Result "0-1"]
[WhiteElo "1771"]
[BlackElo "2117"]
[PlyCount "64"]
[EventDate "2021.05.10"]
[EventType "swiss (blitz)"]
[EventRounds "11"]
[EventCountry "GER"]
[SourceTitle "CBM 202 Extra"]
[Source "ChessBase"]
[SourceDate "2021.07.31"]
[SourceVersion "1"]
[SourceVersionDate "2021.07.31"]
[SourceQuality "1"]

1. e4 d6 2. d4 Nf6 3. Nc3 e5 4. dxe5 dxe5 5. Qxd8+ Kxd8 6. Nf3 Bd6 7. Bc4 Ke7 8. Bg5 c6 9. 0-0-0 Nbd7 10. Bxf7 Bb4 11. Bb3 h6 12. Bxf6+ Kxf6 13. Rhe1 b5 14. Nd2 Bc5 15. Kb1 Nb6 16. Rf1 g5 17. h4 a5 18. hxg5+ hxg5 19. a3 Ba6 20. Rh1 a4 21. Ba2 b4 22. axb4 Bxb4 23. f3 a3 24. Kc1 Rab8 25. Nb3 axb2+ 26. Kxb2 Nc4+ 27. Kc1 Bxc3 28. Rxh8 Rxh8 29. Nc5 Ra8 30. Nxa6 Rxa6 31. Kb1 Nd2+ 32. Kc1 Rxa2 0-1

[Event "GER-ch Net blitz qual2"]
[Site "Playchess.com INT"]
[Date "2021.05.04"]
[Round "7"]
[White "Schwierskott, Marc"]
[Black "Weidenhoefer, Max"]
[Result "0-1"]
[WhiteElo "2037"]
[BlackElo "1746"]
[PlyCount "112"]
[EventDate "2021.05.04"]
[EventType "swiss (blitz)"]
[EventRounds "11"]
[EventCountry "GER"]
[SourceTitle "CBM 202 Extra"]
[Source "ChessBase"]
[SourceDate "2021.07.31"]
[SourceVersion "1"]
[SourceVersionDate "2021.07.31"]
[SourceQuality "1"]

1. c4 c6 2. e4 d5 3. cxd5 cxd5 4. exd5 Qxd5 5. Nc3 Qd8 6. d4 Nf6 7. Bc4 e6 8. Nf3 Nc6 9. 0-0 Be7 10. Re1 0-0 11. d5 exd5 12. Nxd5 Nxd5 13. Bxd5 Bd7 14. Bd2 Bf6 15. Qb3 Qc7 16. Rad1 Rfe8 17. Bxf7+ Kh8 18. Bxe8 Bxe8 19. Ng5 Bh5 20. g4 Bg6 21. Ne6 Qc8 22. Bc3 Bf7 23. Bxf6 gxf6 24. Qc3 Ne5 25. Qxc8+ Rxc8 26. Nd4 Nxg4 27. Re7 Ne5 28. Rxb7 Bd5 29. Rxa7 Nf3+ 30. Nxf3 Bxf3 31. Re1 Rd8 32. h4 Kg8 33. Kh2 f5 34. Ree7 f4 35. Rg7+ Kh8 36. Rxh7+ Kg8 37. Rhg7+ Kh8 38. h5 Rd1 39. Rg1 Rd2 40. Kh3 Rxf2 41. Kh4 Rh2+ 42. Kg5 Rxh5+ 43. Kg6 Rb5 44. Ra8+ Bxa8 45. b3 Kg8 46. Rc1 Rb8 47. Rc4 f3 48. Rf4 Rf8 49. Rh4 f2 50. Rh8+ Kxh8 51. Kg5 f1Q 52. Kg4 Qg1+ 53. Kh4 Rf4+ 54. Kh5 Qh2+ 55. Kg6 Qg3+ 56. Kh5 Rh4# 0-1

[Event "EU-ch Amateur Online Final 1700/2000"]
[Site "Tornelo INT"]
[Date "2021.04.25"]
[Round "8"]
[White "Marinidis, Stavros"]
[Black "Weidenhoefer, Max"]
[Result "1-0"]
[WhiteElo "1003"]
[BlackElo "1763"]
[PlyCount "69"]
[EventDate "2021.04.25"]
[EventType "swiss (rapid)"]
[EventRounds "9"]
[EventCountry "NET"]
[SourceTitle "EXT 2023"]
[Source "ChessBase"]
[SourceDate "2022.10.05"]
[SourceVersion "1"]
[SourceVersionDate "2022.10.05"]
[SourceQuality "1"]

1. e4 c6 2. d4 d5 3. e5 Bf5 4. h4 h6 5. g4 Bd7 6. f4 e6 7. Nf3 c5 8. c3 Qb6 9. Na3 Ne7 10. Nc2 Bb5 11. Bxb5+ Qxb5 12. dxc5 Nec6 13. b4 Nd8 14. a4 Qc4 15. Bd2 a5 16. Na3 Qe4+ 17. Kf2 Be7 18. Re1 Qg6 19. Rg1 0-0 20. g5 hxg5 21. Nxg5 Qh6 22. h5 f6 23. exf6 Bxf6 24. Nh3 axb4 25. Rg6 Qh7 26. Nb5 bxc3 27. Bxc3 Bxc3 28. Nxc3 Nf7 29. Qe2 e5 30. Nxd5 Nd8 31. Qxe5 Nbc6 32. Ne7+ Nxe7 33. Qxe7 Nf7 34. Rag1 Rae8 35. Qf6 1-0

[Event "GER-chT Christmas U20"]
[Site "Playchess.com INT"]
[Date "2020.12.29"]
[Round "2.1"]
[White "Schoen, Florian"]
[Black "Weidenhoefer, Max"]
[Result "0-1"]
[WhiteElo "1642"]
[BlackElo "1763"]
[PlyCount "104"]
[EventDate "2020.12.29"]
[EventType "team-swiss (blitz)"]
[EventRounds "7"]
[EventCountry "GER"]
[SourceTitle "CBM 200 Extra"]
[Source "ChessBase"]
[SourceDate "2021.03.31"]
[SourceVersion "1"]
[SourceVersionDate "2021.03.31"]
[SourceQuality "1"]
[WhiteTeam "Leipzig VfB"]
[BlackTeam "Varrel"]
[WhiteTeamCountry "GER"]
[BlackTeamCountry "GER"]

1. e4 c6 2. d4 d5 3. exd5 cxd5 4. Bd3 Nc6 5. c3 Nf6 6. Bf4 Bg4 7. Nf3 e6 8. Nbd2 Bd6 9. Bg3 0-0 10. 0-0 Bxg3 11. hxg3 a6 12. Re1 b5 13. a3 Rb8 14. Qc2 a5 15. Ne5 Na7 16. Nxg4 Nxg4 17. Bxh7+ Kh8 18. Bd3 Qf6 19. Nf3 Qh6 20. Qc1 Qf6 21. Qg5 Qxg5 22. Nxg5 Nc6 23. f3 Nf6 24. Kf2 b4 25. Rh1+ Kg8 26. Nh7 Nxh7 27. Bxh7+ Kh8 28. Rh2 g5 29. Rah1 Kg7 30. Bd3 bxc3 31. bxc3 Rb3 32. Rh7+ Kf6 33. Ke3 Rxc3 34. a4 Nb4 35. Rd1 Ra3 36. f4 gxf4+ 37. gxf4 Rc8 38. Ke2 Rxa4 39. Bb5 Ra2+ 40. Kf3 Rc3+ 41. Kg4 Rxg2+ 42. Kh4 Rh2+ 43. Kg4 Rxh7 44. Ra1 Rhh3 45. Rg1 Kg6 46. f5+ exf5+ 47. Kf4+ Kf6 48. Be2 Rh4+ 49. Bg4 Rxg4+ 50. Rxg4 fxg4 51. Kxg4 a4 52. Kf4 a3 0-1

[Event "GER-ch U14"]
[Site "Willingen"]
[Date "2020.10.20"]
[Round "1"]
[White "Weidenhoefer, Max"]
[Black "Laux, Dominik"]
[Result "0-1"]
[WhiteElo "1897"]
[BlackElo "2009"]
[PlyCount "48"]
[EventDate "2020.10.19"]
[EventType "swiss"]
[EventRounds "7"]
[EventCountry "GER"]
[SourceTitle "EXT 2022"]
[Source "ChessBase"]
[SourceDate "2021.10.06"]
[SourceVersion "1"]
[SourceVersionDate "2021.10.06"]
[SourceQuality "1"]

1. e4 c6 2. d4 d5 3. e5 Bf5 4. h4 h5 5. Bd3 Bxd3 6. Qxd3 Qa5+ 7. Nd2 e6 8. Ngf3 Qa6 9. c4 Nh6 10. b3 Nf5 11. Bb2 Be7 12. g3 c5 13. 0-0 Nc6 14. Rfe1 Rd8 15. dxc5 Bxc5 16. Kg2 Nb4 17. Qb1 dxc4 18. Nxc4 Nd3 19. Re2 0-0 20. Bc3 b5 21. Nb2 b4 22. Nxd3 Rxd3 23. Bb2 Rfd8 24. Qf1 Qb7 0-1

[Event "GER-chT Lands U20"]
[Site "Berlin"]
[Date "2020.10.02"]
[Round "4.8"]
[White "Weidenhoefer, Max"]
[Black "Tiarks, Jann Christian"]
[Result "0-1"]
[WhiteElo "1897"]
[BlackElo "2151"]
[PlyCount "70"]
[EventDate "2020.09.29"]
[EventType "team-swiss"]
[EventRounds "7"]
[EventCountry "GER"]
[SourceTitle "CBM 198 Extra"]
[Source "ChessBase"]
[SourceDate "2020.11.30"]
[SourceVersion "1"]
[SourceVersionDate "2020.11.30"]
[SourceQuality "1"]
[WhiteTeam "Bremen U20"]
[BlackTeam "Brandenburg U20"]
[WhiteTeamCountry "GER"]
[BlackTeamCountry "GER"]

1. e4 c5 2. Nf3 d6 3. d4 cxd4 4. Nxd4 Nf6 5. Nc3 a6 6. Be3 e5 7. Nb3 Be6 8. Qd2 Be7 9. f3 h5 10. 0-0-0 Nbd7 11. Kb1 b5 12. Rg1 Rc8 13. h3 Nb6 14. g4 hxg4 15. hxg4 b4 16. Bxb6 Qxb6 17. Nd5 Bxd5 18. exd5 a5 19. g5 Nd7 20. Bd3 a4 21. Nc1 g6 22. Rh1 Rxh1 23. Rxh1 a3 24. bxa3 bxa3+ 25. Nb3 Nc5 26. Rh8+ Kd7 27. Rxc8 Kxc8 28. Bc4 Na4 29. Qa5 Qxa5 30. Nxa5 Nc3+ 31. Ka1 Bxg5 32. Nb3 Kc7 33. Bd3 Kb6 34. Bf1 f5 35. Bd3 Nxd5 0-1

[Event "GER-chT Lands U20"]
[Site "Berlin"]
[Date "2020.10.02"]
[Round "5.8"]
[White "Zimmer, Luca"]
[Black "Weidenhoefer, Max"]
[Result "0-1"]
[WhiteElo "1690"]
[BlackElo "1897"]
[PlyCount "66"]
[EventDate "2020.09.29"]
[EventType "team-swiss"]
[EventRounds "7"]
[EventCountry "GER"]
[SourceTitle "CBM 198 Extra"]
[Source "ChessBase"]
[SourceDate "2020.11.30"]
[SourceVersion "1"]
[SourceVersionDate "2020.11.30"]
[SourceQuality "1"]
[WhiteTeam "Saarland U20"]
[BlackTeam "Bremen U20"]
[WhiteTeamCountry "GER"]
[BlackTeamCountry "GER"]

1. e4 c6 2. d4 d5 3. exd5 cxd5 4. Bd3 Nf6 5. c3 Nc6 6. Bf4 Bg4 7. Qb3 Qd7 8. Nd2 e6 9. Ngf3 Bd6 10. Bxd6 Qxd6 11. 0-0 0-0 12. Rae1 a6 13. Ne5 Rab8 14. f4 b5 15. Ndf3 Bxf3 16. Rxf3 Rfc8 17. f5 exf5 18. Bxf5 Rc7 19. Nxc6 Rxc6 20. Qd1 b4 21. cxb4 g6 22. Be6 Qd8 23. Bh3 Rxb4 24. Rb3 Rcc4 25. Rxb4 Rxb4 26. b3 Qb6 27. Kh1 Rxd4 28. Qc2 Ne4 29. g3 Rd2 30. Qc8+ Kg7 31. Bf1 Qf2 32. Qh3 Qxe1 33. Kg1 Qe3+ 0-1

[Event "GER Cup Net V3 U2000"]
[Site "Playchess.com INT"]
[Date "2020.05.27"]
[Round "1"]
[White "Noack, Thomas"]
[Black "Weidenhoefer, Max"]
[Result "0-1"]
[WhiteElo "1629"]
[BlackElo "1794"]
[PlyCount "46"]
[EventDate "2020.05.27"]
[EventType "swiss (blitz)"]
[EventRounds "9"]
[EventCountry "GER"]
[SourceTitle "EXT 2021"]
[Source "ChessBase"]
[SourceDate "2020.10.23"]
[SourceVersion "1"]
[SourceVersionDate "2020.10.23"]
[SourceQuality "1"]

1. e4 c6 2. d3 d5 3. exd5 cxd5 4. d4 Nf6 5. Nf3 Nc6 6. Bb5 e6 7. 0-0 Bd6 8. c3 0-0 9. Be3 a6 10. Bxc6 bxc6 11. Nbd2 Rb8 12. Rb1 Qc7 13. h3 c5 14. dxc5 Bxc5 15. Bxc5 Qxc5 16. Nb3 Qd6 17. Qe2 Bd7 18. Qe5 Qxe5 19. Nxe5 Ba4 20. Nd4 Rfc8 21. Rfe1 Ne4 22. Nef3 Kf8 23. Re2 Nxc3 0-1